| 000 | 00721nam a2200229 i 4500 | ||
|---|---|---|---|
| 001 | 92681 | ||
| 003 | ES-MaACL | ||
| 005 | 20260525062929.0 | ||
| 007 | t| | ||
| 008 | 050418s1987 sp ||||1| spa d | ||
| 020 | _a84-239-1805-X | ||
| 080 | _a930.85(416-015) | ||
| 245 | 0 | 3 |
_aEl Mediterráneo / _cFernand Braudel ... [et alt.] ; dirección Fernand Braudel ; traducción J. Ignacio San Martín. |
| 260 |
_aMadrid : _bEspasa Calpe, _c[1987] |
||
| 300 |
_a306 p. ; _c18 cm. |
||
| 490 | 1 |
_aColección austral ; _v5 |
|
| 700 | 1 |
_aBraudel, Fernand. _931403 |
|
| 700 | 1 |
_aSan Martín, José Ignacio. _9102262 |
|
| 830 | 0 |
_aColección austral _v5 _9177655 |
|
| 852 |
_aES-MaACL _jE-10970 _bR.135814 |
||
| 999 |
_c92681 _d92681 |
||